|
|
|
|
| LEADER |
01097nab#a2200361#ar4500 |
| 001 |
000111513 |
| 003 |
SVKKK |
| 005 |
20131029141333.0 |
| 008 |
131029c2013 xo |||||||||||||||b|slo |
| FMT |
|
|
|
| 015 |
|
|
|a SNBRB2013/10
|
| 038 |
|
|
|a SVKKK
|
| 040 |
|
|
|a SVKKK
|b slo
|e AACR2
|
| 041 |
0 |
|
|a slo
|
| 044 |
|
|
|a xo
|c SK
|
| 080 |
|
|
|a 929 Plašienka, Dušan
|2 2008
|
| 080 |
|
|
|a 55-051
|2 2008
|
| 100 |
1 |
|
|a Reháková, Daniela
|4 aut
|
| 245 |
1 |
0 |
|a K šesťdesiatinám profesora Dušana Plašienku
|c Daniela Reháková, Michal Kováč
|
| 246 |
3 |
1 |
|a Greetings to 60th birthday of Professor Dušan Plašienka
|
| 300 |
|
|
|b Fotogr.
|
| 600 |
1 |
4 |
|a Plašienka, Dušan
|d 1953-
|x geológ
|
| 700 |
1 |
|
|a Kováč, Michal
|4 aut
|
| 773 |
0 |
|
|t Mineralia slovaca
|g Roč. 45, č.1-2 (2013)
|x 0369-2086
|
| 773 |
0 |
|
|i Príl.:
|t Geovestník
|g Č. 1-2 (2013), s. 17-21
|
| 958 |
|
|
|a BX
|
| 974 |
|
|
|a Va
|
| 992 |
|
|
|a RBX
|
| BAS |
|
|
|
| 852 |
|
|
|a SVKKK
|b BIB
|
| 856 |
4 |
1 |
|a http://www.geology.sk/new/sites/default/files/media/doc/min_slov/ms_2013/MS_1_2_2013_11_Geovestnik_komplet_NA%20WEB.pdf
|
| EXP |
|
|
|
| 998 |
|
|
|a GEO
|